| 000 | 00525cam a2200193 4500 | ||
|---|---|---|---|
| 008 | 090401t1973 xxu||||| |||| 00| 0 eng d | ||
| 020 | _a0901502308 | ||
| 035 | _a(Sirsi) u95393 | ||
| 041 | _aeng | ||
| 050 | _a301.54094 | ||
| 110 |
_aNational Building Agency _9598 |
||
| 245 | _aHousing and the European Community. Vol 4. West Germany | ||
| 260 |
_aLondon _bNational Building Agency _c1973 |
||
| 300 | _a51p. map. 30cm. Sp | ||
| 350 | _a25 | ||
| 490 |
_aEuropean Studies _vPart 2 |
||
| 942 | _n0 | ||
| 948 | _c04/03/1997 | ||
| 999 |
_c98475 _d98475 |
||